মহরম শরিফ, বা, আত্ম-বিসর্জন কাব্য / (Record no. 49061)
[ view plain ]
| 000 -LEADER | |
|---|---|
| fixed length control field | 01133nam a2200253 a 4500 |
| 001 - CONTROL NUMBER | |
| control field | 49061 |
| 003 - CONTROL NUMBER IDENTIFIER | |
| rucl marc code | BD-RjUL |
| 005 - DATE AND TIME OF LATEST TRANSACTION | |
| control field | 20211209054629.0 |
| 008 - FIXED-LENGTH DATA ELEMENTS--GENERAL INFORMATION | |
| fixed length control field | 190213s1970 pk ||||| |||| 00| p ben d |
| 020 ## - INTERNATIONAL STANDARD BOOK NUMBER | |
| Terms of availability | : PRs. 8.50 |
| 035 ## - SYSTEM CONTROL NUMBER | |
| System control number | (BD-RjUL) 49180 |
| 040 ## - CATALOGING SOURCE | |
| Original cataloging agency | BD-RjUL |
| Language of cataloging | ben |
| Transcribing agency | BD-RjUL |
| 041 ## - LANGUAGE CODE | |
| Language code of text/sound track or separate title | ben |
| 082 ## - DEWEY DECIMAL CLASSIFICATION NUMBER | |
| Edition number | 23 |
| Classification number | 891.441 |
| Author mark and year | KAM 1970 |
| 100 1# - MAIN ENTRY--PERSONAL NAME | |
| Personal name | কায়কোবাদ |
| 9 (RLIN) | 147619 |
| 245 10 - TITLE STATEMENT | |
| Title | মহরম শরিফ, বা, আত্ম-বিসর্জন কাব্য / |
| Statement of responsibility, etc. | কায়কোবাদ |
| 260 ## - PUBLICATION, DISTRIBUTION, ETC. (IMPRINT) | |
| Place of publication, distribution, etc. | ঢাকা : |
| Name of publisher, distributor, etc. | পাকিস্তান বুক করপোরেশন, |
| Date of publication, distribution, etc. | ১৯৭০ (১৩৭৭) |
| 300 ## - PHYSICAL DESCRIPTION | |
| Pagination | [৪], ৩৬০ পৃ. ; |
| Size | ২১ সেমি. |
| 500 ## - GENERAL NOTE | |
| General note | "[হজরত এমাম হাসান ও হজরত এমাম হোসেন ও তদীয় বংশধরগণের শাহাদতনামা ] " |
| General note | [প্রথম, দ্বিতীয় ও তৃতীয় খন্ড একত্রে] |
| 650 ## - SUBJECT ADDED ENTRY--TOPICAL TERM | |
| Topical term or geographic name as entry element | বাংলা কবিতা |
| 9 (RLIN) | 147609 |
| Topical term or geographic name as entry element | Bengali Poetry |
| 9 (RLIN) | 147610 |
| 942 ## - ADDED ENTRY ELEMENTS (KOHA) | |
| Source of classification or shelving scheme | Dewey Decimal Classification |
| Koha item type | Books |
| Lost status | Source of classification or shelving scheme | Damaged status | Not for loan | Collection code | Permanent Location | Current Location | Shelving location | Date acquired | Source of acquisition | Cost, normal purchase price | Total Checkouts | Full call number | Date last seen | Copy number | Koha item type |
|---|---|---|---|---|---|---|---|---|---|---|---|---|---|---|---|
| Dewey Decimal Classification | Non-fiction | Central Library, University of Rajshahi | Central Library, University of Rajshahi | 27/06/1970 | Pakistan Book Cor. | 8.50 | B 891.441 KAM 1970 | 17/08/2016 | C-2 | Books | |||||
| Dewey Decimal Classification | Non-fiction | Central Library, University of Rajshahi | Central Library, University of Rajshahi | 27/06/1970 | Pakistan Book Cor. | 8.50 | B 891.441 KAM 1970 | 17/08/2016 | C-3 | Books | |||||
| Dewey Decimal Classification | Non-fiction | Central Library, University of Rajshahi | Central Library, University of Rajshahi | 27/06/1970 | Pakistan Book Cor. | 8.50 | B 891.441 KAM 1970 | 17/08/2016 | C-4 | Books | |||||
| Dewey Decimal Classification | Not For Loan | Fiction | Central Library, University of Rajshahi | Central Library, University of Rajshahi | Reading Room | 27/06/1970 | Pak. Book cor. | 8.50 | B 891.441 KAM 1970 | 13/02/2019 | C-1 | Books | |||
| Dewey Decimal Classification | Fiction | Central Library, University of Rajshahi | Central Library, University of Rajshahi | 27/06/1970 | Pak. Book cor. | 8.50 | B 891.441 KAM 1970 | 13/02/2019 | C-5 | Books |